• AIU
  • Tony Wilmot Memorial Library

Ebibilia endakatifu : (Record no. 67922)

MARC details
000 -LEADER
fixed length control field 01007cam a2200301 i 4500
001 - CONTROL NUMBER
control field 18771162
003 - CONTROL NUMBER IDENTIFIER
control field OSt
005 - DATE AND TIME OF LATEST TRANSACTION
control field 20240520153832.0
008 - FIXED-LENGTH DATA ELEMENTS--GENERAL INFORMATION
fixed length control field 150904s2010 ke ab 000 0 bnt
010 ## - LIBRARY OF CONGRESS CONTROL NUMBER
LC control number 2014321711
020 ## - INTERNATIONAL STANDARD BOOK NUMBER
International Standard Book Number 9789966481238
040 ## - CATALOGING SOURCE
Original cataloging agency DLC
Language of cataloging eng
Transcribing agency DLC
Description conventions rda
042 ## - AUTHENTICATION CODE
Authentication code pcc
-- lcode
050 00 - LIBRARY OF CONGRESS CALL NUMBER
Classification number BS325
Item number .B777 2007
130 0# - MAIN ENTRY--UNIFORM TITLE
Uniform title Bible.
Language of a work Bukusu.
Date of a work 2010.
9 (RLIN) 56203
245 10 - TITLE STATEMENT
Title Ebibilia endakatifu :
Remainder of title [elimo endakaano ekhale ne mbia]
246 1# - VARYING FORM OF TITLE
Display text Title on title page verso:
Title proper/short title Holy Bible in Lubukusu language
260 ## - PUBLICATION, DISTRIBUTION, ETC. (IMPRINT)
Place of publication, distribution, etc Nairobi, Kenya :
Name of publisher, distributor, etc Bible Society of Kenya,
Date of publication, distribution, etc c2007.
300 ## - PHYSICAL DESCRIPTION
Extent vi, 1258, 417 pages :
Other physical details illustrations, maps ;
Dimensions 22 cm
500 ## - GENERAL NOTE
General note [Africana],
546 ## - LANGUAGE NOTE
Language note In Bukusu.
630 00 - SUBJECT ADDED ENTRY--UNIFORM TITLE
Uniform title Bible.
Language of a work Bukusu.
Date of a work 2010.
9 (RLIN) 56204
650 #0 - SUBJECT ADDED ENTRY--TOPICAL TERM
Topical term or geographic name as entry element Bukusu dialect
Form subdivision Texts.
9 (RLIN) 56205
710 2# - ADDED ENTRY--CORPORATE NAME
Corporate name or jurisdiction name as entry element Bible Society of Kenya.
9 (RLIN) 55779
906 ## - LOCAL DATA ELEMENT F, LDF (RLIN)
a 7
b cbc
c origres
d 3
e ncip
f 20
g y-gencatlg
942 ## - ADDED ENTRY ELEMENTS (KOHA)
Source of classification or shelving scheme Library of Congress Classification
Koha item type Africana collection ( Reference)
Holdings
Withdrawn status Lost status Source of classification or shelving scheme Damaged status Not for loan Collection code Home library Current library Shelving location Date acquired Source of acquisition Cost, normal purchase price Total Checkouts Full call number Barcode Date last seen Copy number Price effective from Koha item type
    Library of Congress Classification     Reference AIU/NEGST - Tony Wilmot Memorial Library AIU/NEGST - Tony Wilmot Memorial Library Reference 10/30/2023 Donation - Prof. Robert Priest. 9.09   REF BS 325.B777 2007 T17051W3232 05/20/2024 1 05/20/2024 Africana collection ( Reference)